AA Minor League Baseball Teams - Statistics

General Stats
  • This quiz has been taken 53 times
  • The average score is 12 of 30
Answer Stats
Answer % Correct
Amarillo Sod Poodles
67%
Birmingham Barons
67%
Midland RockHounds
67%
Tennessee Smokies
67%
Altoona Curve
50%
Chattanooga Lookouts
50%
Corpus Christi Hooks
50%
Frisco RoughRiders
50%
Hartford Yard Goats
50%
Portland Sea Dogs
50%
Wichita Wind Surge
50%
Akron Rubberducks
33%
Arkansas Travelers
33%
Biloxi Shuckers
33%
Binghamton Rumble Ponies
33%
Bowie Baysox
33%
Erie SeaWolves
33%
Mississippi Braves
33%
Montgomery Biscuits
33%
New Hampshire Fisher Cats
33%
Northwest Arkansas Naturals
33%
Pensacola Blue Wahoos
33%
Reading Fighting Phils
33%
Rocket City Trash Pandas
33%
Somerset Patriots
33%
Tulsa Drillers
33%
Harrisburg Senators
17%
Richmond Flying Squirrels
17%
San Antonio Missions
17%
Springfield Cardinals
17%
No matching quizzes found
Score Distribution
Percent of People with Each Score
Percentile by Number Answered
Your Score History
You have not taken this quiz